000 00885nam a22002537a 4500
005 20170123162340.0
010 _aA-412244
020 _c75.00
035 _aA-412244
037 _bCen Lib/Ret
040 _aDPL
_bUR
082 _a848
_bض ی ا
100 _a ضیاء الدین
_9126949
245 _aاسالیب نثار پر یکا نظر /
_b ضیاء الدین
246 _aAsaleeb-e-nasar par ek nazar /
_bby Zia-Ud-Din
260 _aنیی دہلی
_bادارہ فکر جدید
_c1989
270 _bنیی دہلی
_a٩٢٢، کچہ روھللہ خان، دریاگنج
_e110002
300 _a158p.
_c21cm(Hb)
650 _aادب -- اردو
_9126950
650 _a اردو تنقیدی مضامین
_9114356
650 _aLiterature -- Urdu
_9126951
650 _aUrdu critical articles
_9114358
942 _2ddc
_cUR
_h848
_mض ی ا
999 _c108482
_d108482